Catálogo

Vista normal Vista MARC

Entrada Personal Name

Número de registros utilizados en: 1

001 - CONTROL NUMBER

  • control field: 17183

003 - CONTROL NUMBER IDENTIFIER

  • control field: DLC

005 - DATE AND TIME OF LATEST TRANSACTION

  • control field: 20250612091933.0

008 - FIXED-LENGTH DATA ELEMENTS

  • fixed length control field: 090723n| azannaabn |n aaa c

010 ## - LIBRARY OF CONGRESS CONTROL NUMBER

  • LC control number: no2009113468

035 ## - SYSTEM CONTROL NUMBER

  • System control number: (OCoLC)oca08181467

040 ## - CATALOGING SOURCE

  • Original cataloging agency: TnLvILS
  • Language of cataloging: spa
  • Description conventions: rda
  • Transcribing agency: Mx-PuUPA
  • Modifying agency: ScU
  • Modifying agency: Mx-PuUPA

100 1# - HEADING--PERSONAL NAME

  • Personal name: Zahed, Ramin,

372 ## - FIELD OF ACTIVITY

  • Field of activity: Periodismo--Edición
  • Source of term: lcsh

372 ## - FIELD OF ACTIVITY

  • Field of activity: Animación
  • Field of activity: Efectos visuales

374 ## - OCCUPATION

  • Occupation: Autor
  • Occupation: Editor de periódicos
  • Occupation: Periodista
  • Source of term: lcsh

375 ## - GENDER

  • Gender: hombre
  • Source of term: lcdgt

377 ## - ASSOCIATED LANGUAGE

  • Language code: eng

670 ## - SOURCE DATA FOUND

  • Source citation: Animation magazine, c2007:
  • Information found: t.p. verso (Ramin Zahed; editor)

670 ## - SOURCE DATA FOUND

  • Source citation: Ottawa International Animation Festival website, viewed July 23, 2009
  • Information found: TAC speakers (Ramin Zahed, Editor-in-Chief, Animation magazine; Ramin Zahed is the Editor-in-Chief of the Los Angeles-based monthly publication, Animation magazine. He has been covering the animation and visual effects world for over 15 years. Before joining Animag, he was a senior editor at Daily variety. His articles have also appeared in Variety, Hollywood reporter, The Los Angeles times and The Christian science monitor)